[Event "23rd Open"]
[Site "Bled SLO"]
[Date "2002.07.09"]
[Round "8"]
[White "Beliavsky,A"]
[Black "Gyimesi,Z"]
[Result "0-1"]
[WhiteElo "2652"]
[BlackElo "2580"]

1.e4 c6 2.d4 d5 3.Nc3 dxe4 4.Nxe4 Bf5 5.Ng3 Bg6 6.h4 h6 7.h5 Bh7 8.Nf3 e6
9.Bd3 Bxd3 10.Qxd3 Nf6 11.Bd2 Be7 12.O-O-O O-O 13.Kb1 c5 14.Ne4 Nbd7 15.Be3 Nxe4
16.Qxe4 Nf6 17.Qxb7 Rb8 18.Qa6 Nd5 19.Bd2 cxd4 20.Nxd4 Bf6 21.Nb3 Qc7 22.Rhe1 Rfc8
23.Rc1 Nb6 24.Re4 Qc6 25.Rb4 Qxg2 26.Qxa7 Qxf2 27.a4 Bxb2 28.Rf4 Qe2 29.Re1 Qg2
30.Qxf7+ Kh8 31.Rxe6 Nd5 32.Rg6 Qxd2  0-1

[Event "24th Politiken Cup"]
[Site "Copenhagen DEN"]
[Date "2002.07.15"]
[Round "1"]
[White "Vovk,Ok"]
[Black "Beliavsky,A"]
[Result "0-1"]
[WhiteElo "2077"]
[BlackElo "2652"]

1.d4 Nf6 2.c4 c5 3.Nf3 e6 4.Nc3 cxd4 5.Nxd4 Bb4 6.Qd3 d5 7.Nc2 Nc6 8.e3 Bd6
9.cxd5 exd5 10.Be2 O-O 11.h3 Re8 12.O-O Ne4 13.Nxd5 Bf5 14.Qd1 Qg5 15.f4 Qg6
16.Bg4 Rad8 17.Nd4 Bxg4 18.Qxg4 Nxd4 19.exd4 Ng3 20.Qxg6 hxg6 21.Rd1 Ne2+
22.Kf1 Bb8 23.Nc3 Nxf4 24.Bxf4 Bxf4 25.Rd3 Rd7 26.Re1 Rc8 27.Kf2 f6 28.Kf3 Bc7
29.Na4 b6 30.Nc3 Kf7 31.Rc1 Rh8 32.Nb5 Bb8 33.Nc3 Rh4 34.Ne2 g5 35.Kf2 g4
36.hxg4 Rxg4 37.Kf3 f5 38.Re3 Bd6 39.Rc8 Be7 40.Rc6 Bf6 41.Rd3 Re4 42.Rc2 g5
43.g3 Ke7 44.Re3 g4+ 45.Kf2 Rxd4 46.Rc7+ Kd6 47.Rxa7 Rxe3 48.Kxe3 Re4+ 49.Kd3 Bxb2
50.Rf7 Re5 51.Rf6+ Kc5 52.Nf4 Re3+ 53.Kxe3 Bxf6 54.Ne6+ Kd6 55.Nd4 Bxd4+
56.Kxd4 b5 57.a3 Ke6  0-1

[Event "24th Politiken Cup"]
[Site "Copenhagen DEN"]
[Date "2002.07.18"]
[Round "4"]
[White "Beliavsky,A"]
[Black "Kallio,H"]
[Result "1-0"]
[WhiteElo "2652"]
[BlackElo "2501"]

1.d4 Nf6 2.c4 e6 3.Nf3 b6 4.g3 Bb4+ 5.Bd2 a5 6.Bg2 d5 7.cxd5 exd5 8.O-O O-O
9.Ne5 Bb7 10.Bg5 h6 11.Bxf6 Qxf6 12.Nc3 Rd8 13.Rc1 Na6 14.e3 Qe6 15.Nd3 Bd6
16.Qb3 Nb4 17.Nxb4 axb4 18.Nxd5 Ra7 19.f4 c5 20.Nxb6 Bxg2 21.Qxe6 fxe6 22.Kxg2 cxd4
23.Rc6 Rxa2 24.Nc4 Be7 25.Rd1 d3 26.e4 g5 27.Kf3 e5 28.f5 d2 29.Ke2 Rd4 30.Rxd2  1-0

[Event "24th Politiken Cup"]
[Site "Copenhagen DEN"]
[Date "2002.07.19"]
[Round "5"]
[White "Hillarp Persson,T"]
[Black "Beliavsky,A"]
[Result "1/2-1/2"]
[WhiteElo "2461"]
[BlackElo "2652"]

1.Nf3 c5 2.g3 Nc6 3.Bg2 g6 4.O-O Bg7 5.c3 e5 6.d3 Nge7 7.a3 a5 8.a4 O-O 9.e4 d5
10.exd5 Nxd5 11.Na3 Rb8 12.Re1 h6 13.Nc4 Re8 14.Qb3 Bf5 15.Bf1 Qc7 16.Bd2 Rbd8
17.Rad1 Bg4 18.Bg2 Ndb4 19.cxb4 Bxf3 20.bxc5 Nd4 21.Qb6 Qd7 22.Nd6 Re6 23.Bxa5 Rc8
24.Bc3 Bxg2 25.Kxg2 Bf8 26.Bxd4 Bxd6 27.cxd6 Rxd6 28.Qb3 Rxd4 29.Rxe5 Qc6+
30.Kg1 Qxa4 31.Qxa4 Rxa4 32.Rb5 Rc7 33.d4 Rd7 34.d5 Kg7 35.h4 h5 36.Kf1 Kf6
37.Rd3 Rc4 38.Rdb3 Rc2 39.Rxb7 Rxd5 40.Rf3+ Rf5 41.Rb6+ Kg7 42.Rxf5 gxf5
43.f4 Rd2 44.Rb3 Kf6 45.Ke1 Rg2 46.Kd1 Ke6 47.Kc1 Kd5 48.Kb1 Kc4 49.Ka2 Rg1
50.Rc3+ Kb4 51.Rd3 Kc4 52.Rb3 f6 53.Re3 Kd4 54.Rc3 Rg2 55.Ka3 Rf2 56.Ka2 Rg2
57.Rf3 Ke4 58.Rb3 Kd4 59.Ka3 Rg1 60.Kb4 Rg2 61.Kb5 Rc2 62.Kb6 Ke4 63.Kb7 Kd4
64.Kb8 Ke4 65.Kb7 Kd4 66.Kb6 Ke4 67.Kb5 Kd4 68.Kb4 Rg2 69.Ka3 Rg1 70.Ka2 Rg2
71.Rc3 Ke4 72.Ra3 Kd4 73.Ra6 Rxg3 74.Rxf6 Ke4 75.Rh6 Kxf4 76.Rxh5 Rh3 77.b4 Kg4
78.Rg5+ Kf4 79.Rh5  1/2-1/2

[Event "24th Politiken Cup"]
[Site "Copenhagen DEN"]
[Date "2002.07.23"]
[Round "8"]
[White "Beliavsky,A"]
[Black "Collins,S"]
[Result "1-0"]
[WhiteElo "2652"]
[BlackElo "2313"]

1.d4 d5 2.c4 c6 3.Nf3 Nf6 4.Nc3 dxc4 5.a4 Bf5 6.Ne5 e6 7.f3 Bb4 8.e4 Bxe4
9.fxe4 Nxe4 10.Bd2 Qxd4 11.Nxe4 Qxe4+ 12.Qe2 Bxd2+ 13.Kxd2 Qd5+ 14.Kc2 Na6
15.Nxc4 O-O 16.Qe5 Rab8 17.a5 f6 18.Qxd5 cxd5 19.Ne3 Rfc8+ 20.Kb1 Nc5 21.Be2 Nb3
22.Ra3 Nd2+ 23.Ka2 d4 24.Ng4 Nc4 25.Ra4 b5 26.axb6 Nxb6 27.Rxd4 Rc2 28.Bd1 Rxg2
29.Ne3 Rg5 30.Bb3 Re5 31.Rd3 Kf7 32.Rc1 Rb7 33.Rc6 Re7 34.Kb1 f5 35.Kc1 g5
36.Kd2 Kf6 37.Rdd6 h5 38.Nc2 Nd7 39.Nb4 Kf7 40.Nd3 Re4 41.Rc7 Nf8 42.Rc2 g4
43.Rc5 Kf6 44.Bc2 Rd7 45.Rxf5+ Kxf5 46.Rxd7 Nxd7 47.Nf2 Kf4 48.Bxe4 h4 49.Bc6 Nf6
50.Nd3+ Kf5 51.Ke3 a5 52.Kd4 g3 53.h3 Nh5 54.Be4+ Kf6 55.Ke3 Kg5 56.Ne1 Nf6
57.Kd4 Nh5 58.Ke5 Ng7 59.Nf3+ Kh5 60.Kf6 Ne8+ 61.Kxe6  1-0

[Event "24th Politiken Cup"]
[Site "Copenhagen DEN"]
[Date "2002.07.24"]
[Round "9"]
[White "Bromann,T"]
[Black "Beliavsky,A"]
[Result "0-1"]
[WhiteElo "2378"]
[BlackElo "2652"]

1.Nf3 c5 2.b3 d6 3.e3 e5 4.Bb2 Nf6 5.d4 cxd4 6.exd4 e4 7.Nfd2 d5 8.Be2 Nc6
9.f3 exf3 10.Nxf3 Bd6 11.Ne5 O-O 12.Nd2 Re8 13.Ndf3 Ne4 14.O-O f6 15.Nxc6 bxc6
16.Bd3 Bg4 17.c4 Rc8 18.Qc2 Rc7 19.c5 Bf8 20.Rae1 Rce7 21.Nd2 f5 22.Nf3 Bxf3
23.gxf3 Ng5 24.Rxe7 Qxe7 25.Bxf5 g6 26.Bg4 Bg7 27.Qg2 h5 28.Bd7 Qxd7 29.Qxg5 Re2
30.Rf2 Re1+ 31.Rf1 Qe6 32.Qg3 Re2 33.Rf2 Rxb2 34.Rxb2 Bxd4+ 35.Rf2 Bxc5 36.Kg2 Bxf2
37.Kxf2 a6 38.Qb8+ Kg7 39.Qb7+ Kh6 40.Qxa6 Qh3 41.Qxc6 Qxh2+ 42.Kf1 Qe5 43.Qc1+ Kg7
44.a4 d4 45.b4 d3 46.Qd2 Qd5 47.b5 Qxf3+ 48.Kg1 Qg3+ 49.Kf1 Qf3+ 50.Kg1 Qg4+
51.Kf1 Qf5+ 52.Ke1 Qe4+ 53.Kf2 Qd4+ 54.Kf1 h4 55.b6 h3 56.b7 Qa1+ 57.Qe1 Qf6+
58.Qf2 Qe5 59.a5 Qa1+ 60.Qe1 Qf6+ 61.Qf2 Qa1+ 62.Qe1 Qxe1+ 63.Kxe1 h2 64.b8=Q h1=Q+
65.Kd2 Qg2+ 66.Kxd3 Qd5+ 67.Ke3 Qxa5 68.Qb7+ Kh6 69.Kf3 Qe5 70.Kg4 Qd4+ 71.Kg3 Qe3+
72.Kg4 Qg5+ 73.Kf3 Qg1 74.Qe7 Qf1+ 75.Kg3 Qd3+ 76.Kg4 Qf5+ 77.Kh4 Qh5+ 78.Kg3 Qg5+
79.Qxg5+ Kxg5 80.Kh3 Kf4 81.Kg2 Kg4 82.Kh2 Kf3 83.Kg1 Kg3 84.Kh1 Kf2 85.Kh2 g5
86.Kh3 Kf3 87.Kh2 g4 88.Kg1 Kg3  0-1

[Event "24th Politiken Cup"]
[Site "Copenhagen DEN"]
[Date "2002.07.25"]
[Round "10"]
[White "Beliavsky,A"]
[Black "Volokitin,And"]
[Result "1-0"]
[WhiteElo "2652"]
[BlackElo "2545"]

1.d4 Nf6 2.c4 e6 3.Nf3 c5 4.d5 d6 5.Nc3 exd5 6.cxd5 g6 7.e4 a6 8.a4 Bg4 9.Be2 Bxf3
10.Bxf3 Nbd7 11.g4 h6 12.Bg2 Bg7 13.f4 c4 14.Be3 g5 15.O-O h5 16.Bd4 O-O
17.gxh5 Nxh5 18.Qxh5 Bxd4+ 19.Kh1 Qf6 20.Bh3 Nc5 21.Rg1 Bxg1 22.Rxg1 Rfe8
23.e5 dxe5 24.Rxg5+ Kf8 25.fxe5 Rxe5 26.Rxe5 Nd3 27.Rf5 Qg7 28.Rf1 Re8 29.Be6  1-0

[Event "Olympiad"]
[Site "Bled SLO"]
[Date "2002.10.30"]
[Round "5"]
[White "Beliavsky,A"]
[Black "Georgiev,Ki"]
[Result "1/2-1/2"]
[WhiteElo "2650"]
[BlackElo "2658"]

1.d4 Nf6 2.c4 e6 3.Nf3 d5 4.Nc3 dxc4 5.e4 Bb4 6.Bg5 c5 7.Bxc4 cxd4 8.Nxd4 Qa5
9.Bb5+ Bd7 10.Bxf6 gxf6 11.O-O Bxb5 12.Ncxb5 Nc6 13.a3 Be7 14.Rc1 Rg8 15.Nxc6 bxc6
16.Nd6+ Kf8 17.Rxc6 Rd8 18.Rc8 Kg7 19.Nb7 Rxd1 20.Rxg8+ Kxg8 21.Nxa5 Rd2
22.b4 Ra2 23.Nc6 Bf8 24.Nxa7 Rxa3 25.Nc6 Rc3 26.Nd4 Rc4 27.Rd1 Rxb4 28.Kf1 Bc5
29.Nc6 Rb6 30.Rd8+ Kg7 31.Nd4 Rb4 32.Nc2 Rc4 33.Ne1 Rxe4 34.Rc8 Bb6 35.Rb8 Ba5
36.Nd3 f5 37.Rb5 Bd2 38.g3 Rd4 39.Ke2 Bg5 40.Rb7 Rd5 41.h4 Bd8 42.Nf4 Rd6
43.Nh5+ Kf8 44.Rb8 Ke7 45.Rb7+ Rd7 46.Rxd7+ Kxd7 47.Nf4 Kd6 48.Ng2 Ke5 49.Ne1 Ke4
50.Nf3 Bf6 51.Nd2+ Kd5 52.Nf3 h5 53.Ke3 Bd8 54.Ke2 f4 55.gxf4 Ke4 56.Ne5 f6
57.Nd3 Bb6 58.f3+ Kf5 59.Kf1 Be3 60.Kg2 Bxf4 61.Kf2 Bd6 62.Kg2 Be7 63.Kg3 e5
64.Nf2 Bb4 65.Nd3 Bd6 66.Kg2 Ke6 67.Nf2 f5 68.Nh1 Kf6 69.Ng3 Kg6 70.Ne2 Bb4
71.Kf2 Bd2 72.Kf1 f4 73.Ng1 Bb4 74.Kg2 Be1 75.Kh3 Kf5 76.Ne2 Bd2 77.Kg2 Ke6
78.Kf1 Kd5 79.Ng1 Bb4 80.Ke2 Kd4 81.Nh3 Be7 82.Ng1 Bxh4 83.Nh3 Kc4 84.Ng1 Bd8
85.Nh3 Kd4 86.Nf2 Bb6 87.Nh3 Kc4 88.Ng5 h4 89.Nh3 Be3 90.Ng5 Kd5 91.Nh3 Ke6
92.Kf1 Bb6 93.Kg2 Kd5 94.Kf1 Kd4 95.Ke2 Bc7 96.Ng5 Ba5 97.Nh3 Bb4 98.Ng5 Ba3
99.Nh3 Bc1 100.Ng5 Be3 101.Nh3 Kc4 102.Ng5 Bb6 103.Nh3 Bd8 104.Nf2 Kd5 105.Nh3 Bb6
106.Kf1 Ke6 107.Kg2 Bc5 108.Kf1 Ba7 109.Kg2 Kd5 110.Kf1 Kc4 111.Ke2 Kc3 112.Ng5 Bb6
113.Nh3 Be3 114.Ng5 Kd4 115.Nh3 Kd5 116.Ng5 Kd6 117.Nh3 Ke7 118.Kf1 Kf6 119.Kg2 Kf5
120.Kf1 Ba7 121.Kg2 Bb6 122.Kf1 Ba5 123.Kg2 Be1 124.Kf1 Bg3 125.Kg2 Ke6 126.Kf1 Kd5
127.Ng5 Kd4 128.Ke2 Kc4 129.Nh3 Kd4 130.Ng5 Kd5 131.Kd3 Bf2 132.Ke2 Bb6 133.Nh3 Ke6
134.Kf1  1/2-1/2

[Event "Olympiad"]
[Site "Bled SLO"]
[Date "2002.10.31"]
[Round "6"]
[White "Rahman,Zia"]
[Black "Beliavsky,A"]
[Result "0-1"]
[WhiteElo "2523"]
[BlackElo "2650"]

1.Nf3 d5 2.d4 Nf6 3.c4 c6 4.Nc3 dxc4 5.a4 Bf5 6.Nh4 e6 7.Nxf5 exf5 8.e3 Bd6
9.Bxc4 O-O 10.h3 Re8 11.Qc2 g6 12.Bd2 Nbd7 13.a5 Rc8 14.O-O Bb8 15.Qb3 Re7
16.Rfc1 Nf8 17.Ne2 Ne4 18.Bb4 Rd7 19.f3 Nd6 20.Bxd6 Bxd6 21.e4 Bc7 22.d5 Bxa5
23.dxc6 Rxc6 24.exf5 Bd2 25.Rcb1 a6 26.fxg6 hxg6 27.Ng3 b5 28.Bf1 Ne6 29.Ne4 Nd4
30.Qd3 Nf5 31.Qb3 Be3+ 32.Kh1 Ba7 33.Rc1 Qb6 34.Be2 Rdc7 35.Rd1 Re7 36.Qd3 Nd4
37.Rd2 Qc7 38.Bf1 Qf4 39.Rad1 f5 40.Nc3 Re3 41.Qxd4 Bxd4 42.Rxd4 Qg5 43.f4 Qh4
44.Nd5 Re1  0-1

[Event "Olympiad"]
[Site "Bled SLO"]
[Date "2002.11.01"]
[Round "7"]
[White "Leko,P"]
[Black "Beliavsky,A"]
[Result "1-0"]
[WhiteElo "2743"]
[BlackElo "2650"]

1.e4 e5 2.Nf3 Nc6 3.Bb5 a6 4.Ba4 Nf6 5.O-O Be7 6.Re1 b5 7.Bb3 d6 8.c3 O-O
9.h3 Nb8 10.d4 Nbd7 11.Nbd2 Bb7 12.Bc2 Re8 13.Nf1 Bf8 14.Ng3 g6 15.b3 Bg7
16.d5 Nb6 17.Rb1 c6 18.c4 Qc7 19.Bd3 Nfd7 20.Be3 Nc5 21.Bf1 bxc4 22.bxc4 Nbd7
23.Qd2 Rab8 24.Bh6 Bxh6 25.Qxh6 Nf8 26.h4 cxd5 27.cxd5 Bc8 28.Rxb8 Qxb8 29.h5 Qc7
30.Nd2 Bd7 31.Nc4 f6 32.Re3 Re7 33.hxg6 hxg6 34.Nh5 gxh5 35.Rg3+ Bg4 36.Qxh5 Nxe4
37.Qxg4+ Ng5 38.Ne3 e4 39.Qf4  1-0

[Event "Olympiad"]
[Site "Bled SLO"]
[Date "2002.11.04"]
[Round "9"]
[White "Amonatov,F"]
[Black "Beliavsky,A"]
[Result "1-0"]
[WhiteElo "2518"]
[BlackElo "2650"]

1.e4 e5 2.Nf3 Nc6 3.d4 exd4 4.Nxd4 Bc5 5.Be3 Bb6 6.Nc3 Nge7 7.Qd2 O-O 8.O-O-O d6
9.Nd5 Re8 10.Nxb6 axb6 11.a3 Nxd4 12.Bxd4 Nc6 13.f3 Nxd4 14.Qxd4 Bd7 15.Bc4 b5
16.Bb3 Be6 17.Bxe6 Rxe6 18.Qd5 b4 19.axb4 c6 20.Qf5 Qb6 21.c3 Qe3+ 22.Kb1 g6
23.Qg4 Qa7 24.Qf4 d5 25.Qd2 dxe4 26.fxe4 Qa1+ 27.Kc2 Qa4+ 28.Kb1 c5 29.Qd7 Qa2+
30.Kc2 Qa6 31.bxc5 Qe2+ 32.Kb3 Rxe4 33.Rhe1 Qc4+ 34.Kc2 Rxe1 35.Rxe1 Qxc5
36.Qxb7 Qf2+ 37.Kb3 Rd8 38.Re7 Qf4 39.Qf3 Rb8+ 40.Rb7 Rxb7+ 41.Qxb7 Qxh2
42.c4 Qe5 43.Ka4 h5 44.b4 h4 45.c5 Kg7 46.Qf3 g5 47.c6 Qd4 48.Kb5 Qe5+ 49.Kc4 Qe6+
50.Qd5 Qe2+ 51.Kc5 Qc2+ 52.Kb6  1-0

[Event "Olympiad"]
[Site "Bled SLO"]
[Date "2002.11.05"]
[Round "10"]
[White "Beliavsky,A"]
[Black "David,Alb"]
[Result "1-0"]
[WhiteElo "2650"]
[BlackElo "2511"]

1.d4 Nf6 2.c4 g6 3.Nc3 Bg7 4.e4 d6 5.Nf3 O-O 6.Be2 e5 7.O-O Nc6 8.d5 Ne7
9.Nd2 a5 10.a3 Bd7 11.b3 Nc8 12.Bb2 c5 13.f4 exf4 14.Rxf4 Be8 15.Rf1 Qe7
16.Kh1 Nd7 17.Nf3 Ncb6 18.Qd2 Ne5 19.a4 Nxf3 20.gxf3 f5 21.exf5 Rxf5 22.Bd3 Rf8
23.Rae1 Qh4 24.Ne4 Bxb2 25.Qxb2 Qf4 26.Qg2 Rd8 27.Ng5 Bf7 28.Re4 Qf6 29.Rh4  1-0

[Event "Olympiad"]
[Site "Bled SLO"]
[Date "2002.11.06"]
[Round "11"]
[White "Galego,L"]
[Black "Beliavsky,A"]
[Result "1/2-1/2"]
[WhiteElo "2506"]
[BlackElo "2650"]

1.e4 c5 2.Nf3 d6 3.Nc3 Nf6 4.g3 Nc6 5.Bg2 g6 6.O-O Bg7 7.d3 O-O 8.h3 Nd7
9.Bg5 b5 10.a3 Rb8 11.Qd2 Re8 12.Bh6 Bh8 13.Kh2 a5 14.Ng5 b4 15.axb4 axb4
16.Nd1 e6 17.f4 Bb7 18.c3 Qe7 19.Ne3 bxc3 20.bxc3 Nd8 21.Ra7 f6 22.Rb1 fxg5
23.Bxg5 Bf6 24.Bxf6 Qxf6 25.e5 dxe5 26.Ng4 Qg7 27.fxe5 Nxe5 28.Nxe5 Qxe5
29.Bxb7 Re7 30.d4 Qd6 31.Ra6 Qd7 32.Be4 Rxb1 33.Bxb1 Qb7 34.Bd3 cxd4 35.cxd4 Rd7
36.Ra4 Rd6 37.Bf1 Rb6 38.Ra2 Rb3 39.Bg2 Qc7  1/2-1/2

[Event "Olympiad"]
[Site "Bled SLO"]
[Date "2002.11.08"]
[Round "13"]
[White "Nielsen,PH"]
[Black "Beliavsky,A"]
[Result "1-0"]
[WhiteElo "2620"]
[BlackElo "2650"]

1.d4 Nf6 2.c4 e6 3.Nf3 b6 4.g3 Ba6 5.b3 Bb4+ 6.Bd2 Be7 7.Bg2 c6 8.O-O d5
9.Qc2 Nbd7 10.Rd1 O-O 11.Bf4 Rc8 12.Nc3 Nh5 13.Bc1 Nhf6 14.e4 dxc4 15.Bf4 Bb4
16.Nd2 c5 17.d5 e5 18.Bg5 cxb3 19.axb3 c4 20.Rxa6 cxb3 21.Qxb3 Bxc3 22.Rxa7 Bd4
23.Nf3 Nc5 24.Bxf6 Nxb3 25.Bxd8 Rfxd8 26.Ra3 Rc3 27.Nxd4 exd4 28.e5 Na5 29.Ra4 Nc4
30.e6 Nd6 31.Ra7 d3 32.e7 Re8 33.Rd7  1-0

[Event "AIG Life rapid"]
[Site "Warsaw POL"]
[Date "2002.12.21"]
[Round "3"]
[White "Beliavsky,A"]
[Black "Gajewski,G"]
[Result "1-0"]
[WhiteElo "2650"]
[BlackElo "2436"]

1.d4 d5 2.c4 c6 3.Nf3 Nf6 4.Nc3 dxc4 5.a4 Bf5 6.e3 e6 7.Bxc4 Bb4 8.O-O Nbd7
9.Qe2 O-O 10.e4 Bg6 11.e5 Nd5 12.Nxd5 cxd5 13.Bd3 Be7 14.Bd2 Nb8 15.Bxg6 fxg6
16.b4 Nc6 17.Rfb1 Rc8 18.a5 a6 19.b5 axb5 20.Qxb5 Rxf3 21.gxf3 Nxd4 22.Qd3 Bc5
23.Ra4 Qh4 24.Kg2 Rf8 25.Be3 Rxf3 26.Rxd4 Qh3+ 27.Kg1 Bxd4 28.Qxd4 Rf5 29.Rxb7 h6
30.a6 Rh5 31.a7  1-0

[Event "AIG Life rapid"]
[Site "Warsaw POL"]
[Date "2002.12.21"]
[Round "4"]
[White "Jakubiec,A"]
[Black "Beliavsky,A"]
[Result "1/2-1/2"]
[WhiteElo "2532"]
[BlackElo "2650"]

1.e4 e5 2.Nf3 Nc6 3.Bc4 Nf6 4.d3 Be7 5.Bb3 O-O 6.Nbd2 d6 7.c3 Na5 8.Bc2 c5
9.Nf1 Nc6 10.Ng3 d5 11.O-O d4 12.Ba4 Qc7 13.Bxc6 bxc6 14.c4 Ne8 15.Ne1 Bd6
16.Ne2 f5 17.exf5 Bxf5 18.Ng3 Bg6 19.Nf3 Nf6 20.Nh4 e4 21.Nxg6 hxg6 22.dxe4 Bxg3
23.hxg3 Nxe4 24.Bf4 Qf7 25.f3 Nf6 26.Qd3 Nh5 27.Be5 Rfe8 28.Rfe1 Re6 29.g4 Nf6
30.Bg3 Rae8 31.Rxe6 Rxe6 32.Re1 Rxe1+ 33.Bxe1 Qe6 34.Bg3 Kf7 35.b3 a6 36.Kf2 Qd7
37.Ke2 Qd8 38.Qd2 Kg8 39.Kf2 Nd7 40.Qe2 Nf8 41.Qd2 Ne6 42.Ke2 Kf7 43.Kd3 g5
44.Be5 Nf8 45.Bg3 Nd7 46.Qe1 Nf8 47.Qe5 Ne6 48.Qd6 Qa5 49.Be5 Qc3+ 50.Ke2 Qe3+
51.Kf1 Qc1+ 52.Kf2 Qe3+  1/2-1/2

[Event "AIG Life rapid"]
[Site "Warsaw POL"]
[Date "2002.12.21"]
[Round "5"]
[White "Beliavsky,A"]
[Black "Brodsky,M"]
[Result "1/2-1/2"]
[WhiteElo "2650"]
[BlackElo "2547"]

1.d4 Nf6 2.c4 e6 3.Nf3 b6 4.g3 Bb7 5.Bg2 Be7 6.Nc3 O-O 7.Qc2 Na6 8.e4 d5
9.cxd5 exd5 10.e5 Ne4 11.O-O Nb4 12.Qb1 c5 13.a3 Nxc3 14.bxc3 Nc6 15.Re1 cxd4
16.cxd4 Bc8 17.h4 h6 18.Bd2 Be6 19.Qb2 Qd7 20.Rac1 Rfc8 21.Bf1 Nd8 22.Ba6 Rxc1
23.Rxc1 Qa4 24.Bb5 Qxa3 25.Qxa3 Bxa3 26.Ra1 Be7 27.Ba6 Rb8 28.Rc1 b5 29.Ba5 b4
30.Bc7 Ra8 31.Nd2 Bd7 32.Nb3 Ba4 33.Nc5 Bxc5 34.dxc5 Bc6 35.Rb1 Bb7 36.Bxb7 Nxb7
37.c6 Nd8  1/2-1/2

[Event "X Anibal Open"]
[Site "Linares ESP"]
[Date "2003.03.03"]
[Round "4"]
[White "Kempinski,R"]
[Black "Beliavsky,A"]
[Result "1/2-1/2"]
[WhiteElo "2545"]
[BlackElo "2649"]

1.d4 e6 2.Nf3 c5 3.e3 Nf6 4.c4 b6 5.Nc3 cxd4 6.exd4 Bb7 7.Be2 Bb4 8.Qb3 Bxc3+
9.Qxc3 d5 10.Qa3 dxc4 11.b3 Nc6 12.O-O c3 13.Rd1 Ne7 14.Qa4+ Bc6 15.Qc4 Nfd5
16.Ne5 Rc8 17.Nxc6 Rxc6 18.Qa4 c2 19.Rd2 Nc3 20.Qxa7 Nxe2+ 21.Rxe2 O-O 22.Bb2 Nf5
23.Qa4 b5 24.Qb4 Nxd4 25.Rd2 e5 26.Rc1 Qc7 27.Bxd4 exd4 28.Qxb5 Rc8 29.g3 h6
30.Qd3 Rc3 31.Qxd4 Qc5 32.a4 Qf5 33.Qb6 Qg5 34.Qd4 h5 35.h4 Qf5 36.Qb6 Kh7  1/2-1/2

[Event "X Anibal Open"]
[Site "Linares ESP"]
[Date "2003.03.04"]
[Round "5"]
[White "Beliavsky,A"]
[Black "Riazantsev,A"]
[Result "1/2-1/2"]
[WhiteElo "2649"]
[BlackElo "2538"]

1.d4 d5 2.c4 c6 3.Nf3 dxc4 4.e3 Be6 5.Nc3 b5 6.a4 b4 7.Ne4 Nf6 8.Nc5 Bd5
9.Ne5 e6 10.Nxc4 Bxc4 11.Bxc4 Bxc5  1/2-1/2

[Event "X Anibal Open"]
[Site "Linares ESP"]
[Date "2003.03.07"]
[Round "8"]
[White "Inarkiev,E"]
[Black "Beliavsky,A"]
[Result "1/2-1/2"]
[WhiteElo "2566"]
[BlackElo "2649"]

1.e4 e5 2.Nf3 Nc6 3.Bb5 a6 4.Ba4 Nf6 5.O-O Be7 6.Re1 b5 7.Bb3 d6 8.a4 Bd7
9.c3 O-O 10.d4 h6 11.Nbd2 Re8 12.Nf1 Bf8 13.Bc2 exd4 14.Nxd4 Ne5 15.Ng3 g6
16.axb5 axb5 17.Rxa8 Qxa8 18.f4 Nc4 19.b3 Na3 20.Bxa3 Qxa3 21.e5 dxe5 22.fxe5 Ng4
23.e6 Bxe6 24.Rxe6 Rxe6 25.Nxe6 Ne3 26.Qb1 fxe6 27.Bxg6 Ng4 28.Ne4 Qa7+ 29.Kh1 Nf2+
30.Nxf2 Qxf2 31.Bd3 c6  1/2-1/2

[Event "4th IECC"]
[Site "Istanbul TUR"]
[Date "2003.05.30"]
[Round "1"]
[White "Svetushkin,D"]
[Black "Beliavsky,A"]
[Result "0-1"]
[WhiteElo "2543"]
[BlackElo "2649"]

1.d4 d5 2.c4 c6 3.Nf3 Nf6 4.e3 Bf5 5.Nc3 e6 6.Nh4 Be4 7.f3 Bg6 8.Qb3 Qc7
9.Bd2 Nbd7 10.Rc1 Be7 11.g3 Nb6 12.cxd5 exd5 13.Kf2 O-O 14.Nxg6 fxg6 15.Kg2 Kh8
16.g4 Rae8 17.Bd3 Bd8 18.Ne2 Qf7 19.Rhf1 Bc7 20.Ng3 Qe6 21.g5 Ng8 22.f4 Qd7
23.a4 Ne7 24.a5 Nc4 25.Bxc4 dxc4 26.Qxc4 Nd5 27.Rf3 Bxa5 28.Bxa5 Nxe3+ 29.Rxe3 Rxe3
30.d5 Qg4 31.Rf1 cxd5 32.Qxd5 Qe6 33.Qxe6 Rxe6 34.Bc3 Kg8 35.f5 gxf5 36.Nxf5 Rf7
37.h4 Re8 38.Kg3 Ref8 39.Kg4 h5+ 40.gxh6 g6 41.Ne7+ Kh7 42.Rxf7+ Rxf7 43.Nc8 Kxh6
44.Bd2+ Kh7 45.Nxa7 Rf5 46.Nc8 Rd5 47.Bc3 b5 48.Ne7 Rc5 49.Kf4 b4 50.Bd4 Rc2
51.Ke4 b3  0-1

[Event "4th IECC"]
[Site "Istanbul TUR"]
[Date "2003.06.06"]
[Round "7"]
[White "Rozentalis,E"]
[Black "Beliavsky,A"]
[Result "1-0"]
[WhiteElo "2586"]
[BlackElo "2649"]

1.e4 e5 2.Nf3 Nc6 3.Nc3 Nf6 4.g3 Bc5 5.Bg2 d6 6.d3 a6 7.O-O Be6 8.Be3 Bxe3
9.fxe3 Ne7 10.Nh4 c6 11.d4 Qb6 12.Qd2 O-O 13.d5 Bd7 14.dxc6 Bxc6 15.Rxf6 gxf6
16.Rf1 Qd8 17.Qe2 Kh8 18.Qh5 Rg8 19.Qxf7 Rf8 20.Qe6 Nc8 21.Bh3 Nb6 22.Qg4 Bd7
23.Nf5 Bxf5 24.Rxf5 Rc8 25.Qh4 Rc7 26.Rh5 f5 27.Qxd8 Rxd8 28.Bxf5 Rf8 29.Rh6 Rff7
30.Rxd6 Rc6 31.Rd3 Nc4 32.Nd1 Nd6 33.Be6 Rf6 34.Bb3 Nxe4 35.Bd5 Nc5 36.Rc3 Rc7
37.Nf2 Rd6 38.e4 Ne6 39.Nd3 Rxc3 40.bxc3 Rb6 41.Nxe5 Nc5 42.Nd3 Nxd3 43.cxd3 Rb2
44.d4 b5 45.e5 Kg7 46.Kf1 Rxh2 47.Bg2 Kf7 48.Kg1 Rh6 49.Kf2 a5 50.g4 b4 51.cxb4 axb4
52.Bd5+ Ke7 53.Kg3 Kd7 54.Bb3 Rh1 55.d5 Rf1 56.Ba4+ Ke7 57.Bc2 h6 58.Bf5 Rd1
59.d6+ Kd8 60.Kf4 Rd2 61.Be6 Rf2+ 62.Ke3 Rf1 63.Bc4 Rc1 64.Kd4 Rg1 65.e6 Rxg4+
66.Kc5 Rg5+ 67.Kc6 Re5 68.e7+ Ke8 69.Bb5 h5 70.Kc7+  1-0

[Event "25th Politiken Cup"]
[Site "Copenhagen DEN"]
[Date "2003.07.17"]
[Round "4"]
[White "Kallio,H"]
[Black "Beliavsky,A"]
[Result "1-0"]
[WhiteElo "2471"]
[BlackElo "2668"]

1.e4 e5 2.Nf3 Nc6 3.Bc4 Nf6 4.d4 exd4 5.e5 d5 6.Bb5 Ne4 7.Nxd4 Bd7 8.Bxc6 Bxc6
9.Nxc6 bxc6 10.Nd2 Qe7 11.Nf3 g6 12.O-O Bg7 13.c4 Qd7 14.Be3 O-O 15.Rc1 f5
16.Qa4 f4 17.Bd4 g5 18.e6 Qxe6 19.Bxg7 Kxg7 20.cxd5 cxd5 21.Rxc7+ Rf7 22.Rfc1 Rf8
23.Qxa7 g4 24.Qd4+ Kg8 25.Rxf7 Rxf7 26.Qe5 Qxe5 27.Nxe5 Rb7 28.f3 gxf3 29.gxf3 Ng5
30.h4 Ne6 31.Nd3 Kf7 32.Kf2 Kf8 33.Rc6 Re7 34.Rd6 Kf7 35.Rxd5 Rc7 36.a4  1-0

[Event "15th Vidmar mem"]
[Site "Terme Zrece SLO"]
[Date "2003.08.19"]
[Round "2"]
[White "Mitkov,N"]
[Black "Beliavsky,A"]
[Result "1/2-1/2"]
[WhiteElo "2552"]
[BlackElo "2668"]

1.e4 d6 2.Nc3 Nf6 3.d4 g6 4.Bg5 Bg7 5.Qd2 h6 6.Bh4 g5 7.Bg3 Nh5 8.Nge2 c5
9.dxc5 dxc5 10.Qxd8+ Kxd8 11.O-O-O+ Nd7 12.h4 Nxg3 13.Nxg3 e6 14.Nh5 Bxc3
15.bxc3 Ke7 16.g3 b6 17.Bb5 a6 18.Bc6 Ra7 19.Bxd7 Bxd7 20.f4 gxf4 21.gxf4 Bc6
22.Rhe1 Rg8 23.e5 Rg4 24.Rd6 Rxh4 25.Nf6 Rh1 26.Rxh1 Bxh1 27.Rxb6 Ra8 28.Kd2 Kf8
29.Ke3 Kg7 30.Rb1 Bc6 31.Rg1+ Kh8 32.a3 Rd8 33.c4 Ba4 34.Rg2 Bc6 35.Rg1 Ba4
36.Ne4 Bxc2 37.Nxc5 Rc8 38.Rc1 Bg6 39.Ne4 Kg7 40.c5 Bxe4 41.Kxe4 h5 42.f5 exf5+
43.Kxf5 Kf8 44.e6 Rc6 45.exf7 Kxf7 46.Ke5 Ke7 47.Kd5 Rg6 48.Rb1 Kd8 49.c6 Kc8
50.Rf1 Rg3 51.Rf8+ Kc7 52.Rf7+ Kc8 53.a4 h4 54.Rh7 h3 55.a5 Rc3 56.Kd6 Rd3+
57.Kc5 Rb3 58.Kd5 Kd8 59.c7+ Kc8 60.Kc6 Rc3+ 61.Kb6 Rb3+ 62.Kxa6 h2 63.Rxh2 Kxc7
64.Rh7+ Kb8 65.Rh8+ Kc7 66.Ka7 Rc3 67.Rh7+ Kc8 68.Rh6 Rc7+ 69.Ka8 Rc5 70.a6 Rc3
71.Rh8+ Kc7 72.Ka7 Rc2 73.Rh7+ Kc8 74.Rb7 Rc3 75.Rb5 Rc6 76.Rg5 Rc3 77.Rg8+ Kc7
78.Rg7+ Kc8 79.Kb6 Rb3+ 80.Kc6 Rc3+ 81.Kb5 Kb8 82.Rg8+  1/2-1/2

[Event "15th Vidmar mem"]
[Site "Terme Zrece SLO"]
[Date "2003.08.21"]
[Round "4"]
[White "Sedlak,N"]
[Black "Beliavsky,A"]
[Result "1/2-1/2"]
[WhiteElo "2528"]
[BlackElo "2668"]

1.e4 e5 2.Nf3 Nc6 3.Bb5 a6 4.Ba4 Nf6 5.O-O Be7 6.Re1 b5 7.Bb3 O-O 8.d4 d6
9.c3 Bg4 10.Be3 exd4 11.cxd4 Na5 12.Bc2 c5 13.h3 Bh5 14.dxc5 dxc5 15.Nc3 Nc4
16.e5 Nxe5 17.g4 Nxf3+ 18.Qxf3 Bg6 19.Rad1 Qc8 20.Bxg6 fxg6 21.g5 Nh5 22.Qd5+ Kh8
23.Qd7 Re8 24.Bc1 Bf8 25.Rxe8 Qxe8 26.Qxe8 Rxe8 27.Be3 Ng3 28.Nd5 Nf5 29.Nc7 Nxe3
30.Rd7 Re5 31.fxe3 Kg8 32.Kf2 Rxg5 33.e4 Re5 34.Kf3 g5 35.Nxa6 h5 36.Nc7 c4
37.a3 b4 38.axb4 Bxb4 39.Rd4 Re7 40.Rxc4 Bd6 41.Nd5 Rf7+ 42.Kg2 Be5 43.Rc8+ Kh7
44.b4 Ra7 45.Re8 Ra2+ 46.Kf3 Ra3+ 47.Kg2 Ra2+ 48.Kf3 Ra3+ 49.Ke2 Bd4 50.e5 Kg6
51.e6 Bf6 52.e7 Rxh3 53.Rf8 Bxe7 54.Nxe7+ Kh7 55.b5 Rb3 56.Rf5 Kh6 57.Rc5 g6
58.Nd5 h4 59.Nf6 Rb4 60.Nd5 Rb3 61.b6 h3 62.Kf2 g4 63.Ne3 g3+ 64.Kxg3 Rxe3+
65.Kh2 Rb3 66.b7  1/2-1/2

[Event "15th Vidmar mem"]
[Site "Terme Zrece SLO"]
[Date "2003.08.22"]
[Round "5"]
[White "Beliavsky,A"]
[Black "Mikhalchishin,A"]
[Result "1-0"]
[WhiteElo "2668"]
[BlackElo "2518"]

1.d4 Nf6 2.c4 g6 3.Nc3 d5 4.cxd5 Nxd5 5.e4 Nxc3 6.bxc3 c5 7.Bb5+ Nc6 8.d5 Qa5
9.Qa4 Qxc3+ 10.Ke2 Bg7 11.dxc6 O-O 12.Rb1 a6 13.Bd3 b5 14.Qa3 Qe5 15.Nf3 Qh5
16.Be3 c4 17.Bc2 a5 18.Qc5 b4 19.Qxh5 gxh5 20.Bd4 Ba6 21.Bxg7 Kxg7 22.Ke3 Rfc8
23.Ba4 Rab8 24.Rhd1 c3 25.Rd4 f6 26.e5 Bb5 27.exf6+ Kxf6 28.Rf4+ Kg7 29.Bxb5 Rxb5
30.Rc4 Rd5 31.a3  1-0